[Event "9th EUROPEAN  INDIVIDUAL  WOME"]
[Site "Plovdiv, Bulgaria"]
[Date "2008.04.25"]
[Round "5"]
[Board "1"]
[White "Boyarchenko, Marie"]
[Black "Bensdorp, Marlies"]
[Result "0-1"]
[WhiteElo "1877"]
[BlackElo "2268"]
[PlyCount "106"]
[EventDate "2008.04.21"]
[EventRounds "11"]
[EventCountry "BUL"]

1.e4 e5 2.Bc4 Nf6 3.d3 c6 4.Bb3 d5 5.exd5 cxd5 6.Bg5 Be7 7.Qf3 Be6 8.Nc3 Nbd7
9.Nge2 O-O 10.O-O h6 11.Bxf6 Nxf6 12.h3 Rc8 13.Rac1 a6 14.Ng3 Bb4 15.Nce2 Qd7
16.c3 Bd6 17.d4 e4 18.Qe3 b5 19.a3 Qc7 20.f4 Bd7 21.Rf2 Rfe8 22.Nf1 Qb7 23.Neg3
a5 24.Bd1 b4 25.axb4 axb4 26.Qd2 Qb8 27.Ne2 Bb5 28.g3 {Diagram #} e3 29.Nxe3 Ne4
30.Qc2 Nxf2 31.Kxf2 Qb7 32.Ng1 bxc3 33.bxc3 Rc7 34.Bf3 Bc4 35.Rb1 Qa8 36.Qf5
Qa2+ 37.Ne2 g6 38.Qc2 Rxe3 39.Qxa2 Rxf3+ 40.Kxf3 Bxa2 41.Rb8+ Kg7 42.Rd8 Be7
43.Re8 Bc4 44.g4 Bb5 45.Rb8 Bxe2+ 46.Kxe2 Rxc3 47.Rb5 Rxh3 48.Rxd5 Rg3 49.g5
hxg5 50.fxg5 Rxg5 51.Rd7 Bf6 52.Kf3 Ra5 53.d5 Ra4

[Event "9th EUROPEAN  INDIVIDUAL  WOME"]
[Site "Plovdiv, Bulgaria"]
[Date "2008.04.25"]
[Round "5"]
[Board "1"]
[White "Nikoladze, Sopio"]
[Black "Galunova, Tsveta"]
[Result "1-0"]
[WhiteElo "2249"]
[BlackElo "1816"]
[PlyCount "97"]
[EventDate "2008.04.21"]
[EventRounds "11"]
[EventCountry "BUL"]

1.d4 d5 2.c4 c6 3.e3 Nf6 4.Nf3 e6 5.Nbd2 Nbd7 6.Bd3 Bd6 7.O-O O-O 8.e4 e5 9.cxd5
cxd5 10.exd5 exd4 11.Ne4 Ne5 12.Bg5 Bg4 13.Be2 Re8 14.Nxd4 Bxe2 15.Nxe2 Neg4
16.Nxf6+ Nxf6 17.Nc3 Re5 18.f4 Re8 19.Kh1 Bb4 20.Qd4 Bxc3 21.bxc3 Rc8 22.Rfe1
Qd6 23.Bxf6 Qxf6 24.Re5 Qa6 25.Rxe8+ Rxe8 26.h3 h6 27.a4 Re2 28.d6 Qc6 29.Rg1
Re4 30.Qd3 Re8 31.Qb5 Rd8 32.Qxc6 bxc6 33.Rd1 f6 34.f5 Kf7 35.c4 c5 36.Rd5 a6
37.g4 Rc8 38.Kg2 Rd8 39.Kf3 Ke8 40.Ke4 Rd7 41.Rd3 Rb7 42.Kd5 Rb4 43.Ra3 Kd7
44.a5 Rb2 45.Kxc5 Rb1 46.Re3 Ra1 47.Re7+ Kd8 48.Kc6 Rxa5 49.Rxg7

[Event "9th EUROPEAN  INDIVIDUAL  WOME"]
[Site "Plovdiv, Bulgaria"]
[Date "2008.04.25"]
[Round "5"]
[Board "1"]
[White "Nikolaidou, Eleni"]
[Black "Padurariu, Ioana Smaranda"]
[Result "0-1"]
[WhiteElo "1817"]
[BlackElo "2242"]
[PlyCount "54"]
[EventDate "2008.04.21"]
[EventRounds "11"]
[EventCountry "BUL"]

1.e4 e6 2.d4 d5 3.Nd2 Nf6 4.e5 Nfd7 5.Bd3 c5 6.c3 b6 7.Ne2 Ba6 8.Bb1 Qc7 9.O-O
Nc6 10.f4 cxd4 11.Rf3 dxc3 12.Rxc3 Bb4 13.Rg3 Bxe2 14.Qxe2 Nd4 15.Qd1 Qxc1
16.Qxc1 Ne2+ 17.Kf1 Nxc1 18.Nf3 Rc8 19.Rxg7 h6 20.f5 Nc5 21.fxe6 Nxe6 22.Rg3 d4
23.Rg4 h5 24.Re4 Bf8 25.Re1 d3 26.g3 Bh6 27.Rd1 Nb3

[Event "9th EUROPEAN  INDIVIDUAL  WOME"]
[Site "Plovdiv, Bulgaria"]
[Date "2008.04.25"]
[Round "5"]
[Board "1"]
[White "Seps, Monika"]
[Black "Tsarouha, Marianthi"]
[Result "1-0"]
[WhiteElo "2237"]
[BlackElo "1747"]
[PlyCount "83"]
[EventDate "2008.04.21"]
[EventRounds "11"]
[EventCountry "BUL"]

1.e4 c5 2.Nf3 e6 3.d4 cxd4 4.Nxd4 Nf6 5.Nc3 d6 6.Be2 a6 7.O-O Qc7 8.f4 Nbd7
9.Kh1 b5 10.a3 Bb7 11.Bf3 Rb8 12.Qe1 Be7 13.Be3 Nc5 14.Bf2 O-O 15.Bh4 Rfd8
16.Rd1 Ba8 17.b4 Ncd7 18.Rd3 Nb6 19.Nb1 d5 20.e5 Ne4 21.f5 Bxh4 22.Qxh4 Qxe5
23.fxe6 fxe6 24.Bg4 Re8 25.Nd2 Nc4 26.N2f3 Qd6 27.Qh3 e5 28.Be6+ Kh8 29.Nh4
{Diagram #} Rxe6 30.Nxe6 Re8 31.Nxg7 Rg8 32.Ngf5 Qf6 33.Rdd1 Ng5 34.Qd3 Nb2
35.Qe2 Nxd1 36.Qxd1 Qe6 37.Qh5 Qe8 38.Qe2 d4 39.Nh6 Rf8 40.Rxf8+ Qxf8 41.Qxe5+
Qg7 42.Qe8+

[Event "9th EUROPEAN  INDIVIDUAL  WOME"]
[Site "Plovdiv, Bulgaria"]
[Date "2008.04.25"]
[Round "5"]
[Board "1"]
[White "Tsiganova, Monika"]
[Black "Mihajlova, Diana"]
[Result "1-0"]
[WhiteElo "2198"]
[BlackElo "1623"]
[PlyCount "33"]
[EventDate "2008.04.21"]
[EventRounds "11"]
[EventCountry "BUL"]

1.e4 e5 2.Nf3 Nc6 3.Bb5 a6 4.Ba4 Nf6 5.O-O b5 6.Bb3 Bc5 7.c3 O-O 8.d4 exd4
9.cxd4 Bb6 10.e5 Ne8 11.Bg5 Ne7 12.Nc3 h6 13.Bh4 c6 14.Qd3 g5 15.Bxg5 hxg5
16.Nxg5 Ng6 17.Qxg6+

[Event "9th EUROPEAN  INDIVIDUAL  WOME"]
[Site "Plovdiv, Bulgaria"]
[Date "2008.04.25"]
[Round "5"]
[Board "1"]
[White "Stiri, Alexandra"]
[Black "Stefanova, Milena"]
[Result "1/2-1/2"]
[WhiteElo "2193"]
[BlackElo "2029"]
[PlyCount "87"]
[EventDate "2008.04.21"]
[EventRounds "11"]
[EventCountry "BUL"]

1.e4 d5 2.exd5 Nf6 3.d4 Nxd5 4.c4 Nb6 5.Nf3 Bg4 6.Be2 e6 7.Nc3 Nc6 8.O-O Be7
9.d5 exd5 10.cxd5 Nb4 11.Qd4 Bxf3 12.Bxf3 O-O 13.Qd1 Bf6 14.Qb3 a5 15.Be3 Bxc3
16.bxc3 N4xd5 17.Bc5 a4 18.Qc2 Re8 19.c4 Nf4 20.Bxb7 Rb8 21.Bf3 Qd3 22.Qxd3 Nxd3
23.Bd4 Nxc4 24.Bc6 Red8 25.Ba7 Rb2 26.Bxa4 Ra8 27.Bb3 Nd2 28.Bd4 Nxb3 29.axb3
Rba2 30.Rxa2 Rxa2 31.Rd1 Rc2 32.Kf1 Rc1 33.Rxc1 Nxc1 34.b4 c6 35.Bc3 f6 36.Bd2
Nd3 37.Ke2 Ne5 38.f4 Nc4 39.Be1 Kf7 40.Kd3 Nb6 41.Kd4 Nd7 42.g4 g6 43.Bg3 f5
44.g5

[Event "9th EUROPEAN  INDIVIDUAL  WOME"]
[Site "Plovdiv, Bulgaria"]
[Date "2008.04.25"]
[Round "5"]
[Board "1"]
[White "Gromova, Iulia"]
[Black "De Rosa, Maria"]
[Result "1/2-1/2"]
[WhiteElo "2232"]
[BlackElo "2094"]
[PlyCount "46"]
[EventDate "2008.04.21"]
[EventRounds "11"]
[EventCountry "BUL"]

1.d4 d5 2.c4 e6 3.Nc3 Nf6 4.Bg5 Nbd7 5.Nf3 c6 6.e3 Qa5 7.Nd2 Bb4 8.Qc2 O-O 9.Nb3
Qa4 10.cxd5 cxd5 11.Bd3 Ne4 12.Bxe4 dxe4 13.Qxe4 Bxc3+ 14.bxc3 Qc4 15.Qc2 b6
16.f3 Ba6 17.Kf2 Rac8 18.Rac1 Rc6 19.Qd2 Rfc8 20.e4 Bb5 21.Rhe1 f6 22.Bf4 Rd8
23.d5 Ne5

[Event "9th EUROPEAN  INDIVIDUAL  WOME"]
[Site "Plovdiv, Bulgaria"]
[Date "2008.04.25"]
[Round "5"]
[Board "1"]
[White "Mammadova, Gulnar"]
[Black "Khropova, Larisa"]
[Result "1-0"]
[WhiteElo "2188"]
[BlackElo "2069"]
[PlyCount "81"]
[EventDate "2008.04.21"]
[EventRounds "11"]
[EventCountry "BUL"]

1.e4 d5 2.exd5 Qxd5 3.Nc3 Qa5 4.d4 c6 5.Bc4 Nf6 6.Qe2 Bg4 7.f3 Bf5 8.Bf4 e6
9.O-O-O Bb4 10.Bd2 O-O 11.g4 Bg6 12.h4 h5 13.Nh3 b5 14.Bb3 Nd5 15.Nxd5 cxd5
16.Nf4 Nc6 17.Bxb4 Nxb4 18.Nxg6 fxg6 19.Qxe6+ Kh7 20.gxh5 gxh5 21.Rhg1 Qb6
22.Qxb6 axb6 23.a3 Nc6 24.Bxd5 Rf6 25.Rg5 g6 26.Be4 Kh6 27.Rxb5 Rb8 28.c3 Na5
29.b3 Rf4 30.Rg1 Rf6 31.Kc2 Rd8 32.Rbg5 Rdd6 33.d5 Nb7 34.b4 Nd8 35.c4 Nb7
36.Kc3 Kg7 37.Rxh5 Rf4 38.Rhg5 Rxh4 39.Rxg6+ Rxg6 40.Rxg6+ Kf7 41.Rxb6

[Event "9th EUROPEAN  INDIVIDUAL  WOME"]
[Site "Plovdiv, Bulgaria"]
[Date "2008.04.25"]
[Round "5"]
[Board "1"]
[White "Zhorzholiani, Meri"]
[Black "Bakalarz, Grazyna"]
[Result "1-0"]
[WhiteElo "2133"]
[BlackElo "2006"]
[PlyCount "65"]
[EventDate "2008.04.21"]
[EventRounds "11"]
[EventCountry "BUL"]

1.d4 d6 2.e4 Nf6 3.f3 g6 4.Be3 Bg7 5.c4 O-O 6.Nc3 c6 7.Bd3 a6 8.Nge2 e5 9.d5 c5
10.Qd2 Ne8 11.g4 f6 12.Ng3 Bd7 13.a3 Nc7 14.b4 b6 15.O-O Be8 16.Rfb1 Nd7 17.Kg2
Rb8 18.h4 Rf7 19.Rb2 cxb4 20.axb4 Ra8 21.Na4 b5 22.Nc3 bxc4 23.Bxc4 Qb8 24.b5
axb5 25.Rxa8 Nxa8 26.Bxb5 Nf8 27.Bc6 Qc8 28.Nb5 Bxc6 29.Nxd6 Qc7 30.Nxf7 Be8
31.Nh6+ Bxh6 32.Bxh6 Qd6 33.Qa5

[Event "9th EUROPEAN  INDIVIDUAL  WOME"]
[Site "Plovdiv, Bulgaria"]
[Date "2008.04.25"]
[Round "5"]
[Board "1"]
[White "Coimbra, Margarida"]
[Black "Marin, Irina Luiza"]
[Result "1/2-1/2"]
[WhiteElo "2120"]
[BlackElo "2182"]
[PlyCount "82"]
[EventDate "2008.04.21"]
[EventRounds "11"]
[EventCountry "BUL"]

1.e4 d6 2.d4 Nf6 3.Nc3 g6 4.Nf3 Bg7 5.h3 O-O 6.Be3 c6 7.Qd2 Nbd7 8.a4 b6 9.e5
Ne8 10.Bh6 dxe5 11.dxe5 Qc7 12.e6 fxe6 13.Bc4 Ne5 14.Nxe5 Qxe5+ 15.Qe3 Qxe3+
16.Bxe3 Nd6 17.Ba2 c5 18.O-O-O Bxc3 19.bxc3 c4 20.Rd4 Bb7 21.Bxc4 Nxc4 22.Rxc4
Bxg2 23.Rd1 Rac8 24.Rxc8 Rxc8 25.Rd7 Rxc3 26.Rxe7 Bxh3 27.Bh6 Bf5 28.Rg7+ Kh8
29.Rxa7 Rxc2+ 30.Kd1 Rc8 31.Kd2 e5 32.Rb7 Bc2 33.Rxb6 Bxa4 34.Rb7 Bc2 35.Bg7+
Kg8 36.Bxe5 h5 37.Rg7+ Kf8 38.Rc7 Rxc7 39.Bxc7 Bf5 40.Bd8 Kg7 41.Ke3 Kh6

[Event "9th EUROPEAN  INDIVIDUAL  WOME"]
[Site "Plovdiv, Bulgaria"]
[Date "2008.04.26"]
[Round "6"]
[Board "1"]
[White "Kovalevskaya, Ekaterina"]
[Black "Cmilyte, Viktorija"]
[Result "1/2-1/2"]
[WhiteElo "2421"]
[BlackElo "2466"]
[PlyCount "104"]
[EventDate "2008.04.21"]
[EventRounds "11"]
[EventCountry "BUL"]

1.e4 c5 2.Nf3 Nc6 3.Bb5 g6 4.Bxc6 dxc6 5.d3 Bg7 6.h3 b6 7.O-O Nh6 8.Nc3 f6 9.Be3
e5 10.Nh2 Nf7 11.Qd2 O-O 12.f4 exf4 13.Rxf4 Ne5 14.Rf2 Be6 15.Raf1 Rf7 16.Nf3
Nxf3+ 17.Rxf3 Qd7 18.b3 Re8 19.Kh1 Bh8 20.Bh6 Qc7 21.Ne2 a5 22.Bf4 Qd7 23.Be3 f5
24.exf5 Rxf5 25.Rxf5 Bxf5 26.Ng1 Be6 27.Bh6 Bd5 28.Re1 Rxe1 29.Qxe1 Bf6 30.Qe3
Qe6 31.Qf4 Qe5 32.Qxe5 Bxe5 33.Ne2 Kf7 34.Kg1 Kf6 35.Be3 g5 36.Kf2 h5 37.g3 Kf5
38.Ng1 g4 39.h4 a4 40.c4 axb3 41.axb3 Bh1 42.Ne2 Bf3 43.Nf4 Bd1 44.Nxh5 Bxb3
45.Nf4 Bc2 46.Ke2 Bd6 47.Kd2 Bb3 48.Ne2 b5 49.cxb5 cxb5 50.Nc3 Bxg3 51.Nxb5 Bxh4
52.Bxc5 Bd5

[Event "9th EUROPEAN  INDIVIDUAL  WOME"]
[Site "Plovdiv, Bulgaria"]
[Date "2008.04.26"]
[Round "6"]
[Board "1"]
[White "Pogonina, Natalija"]
[Black "Cramling, Pia"]
[Result "1/2-1/2"]
[WhiteElo "2470"]
[BlackElo "2539"]
[PlyCount "51"]
[EventDate "2008.04.21"]
[EventRounds "11"]
[EventCountry "BUL"]

1.e4 c5 2.Nf3 e6 3.d4 cxd4 4.Nxd4 a6 5.Bd3 g6 6.Nc3 Bg7 7.Be3 Ne7 8.O-O Nbc6
9.Be2 d5 10.exd5 exd5 11.Qd2 O-O 12.Rad1 Nxd4 13.Bxd4 Bxd4 14.Qxd4 Be6 15.Bf3
Rc8 16.Rd2 Rc4 17.Qf6 Qc7 18.g3 Rc6 19.Qg5 Kg7 20.Nxd5 Bxd5 21.Bxd5 h6 22.Qe3
Nxd5 23.Rxd5 Rxc2 24.Rfd1 Qc4 25.b3 Qe2 26.Qxe2

[Event "9th EUROPEAN  INDIVIDUAL  WOME"]
[Site "Plovdiv, Bulgaria"]
[Date "2008.04.26"]
[Round "6"]
[Board "1"]
[White "Lahno, Kateryna"]
[Black "Zhukova, Natalia"]
[Result "1/2-1/2"]
[WhiteElo "2479"]
[BlackElo "2450"]
[PlyCount "46"]
[EventDate "2008.04.21"]
[EventRounds "11"]
[EventCountry "BUL"]

1.e4 e6 2.d4 d5 3.e5 c5 4.c3 Nc6 5.Nf3 Bd7 6.Be2 Rc8 7.O-O a6 8.Na3 cxd4 9.cxd4
Nge7 10.Nc2 Ng6 11.g3 Be7 12.h4 O-O 13.Bd3 f5 14.exf6 gxf6 15.Re1 Rf7 16.Nh2 f5
17.Nf3 Bf6 18.Bg5 Qb6 19.Bxf6 Rxf6 20.Qd2 Nh8 21.Kh1 Nf7 22.b3 Kh8 23.Qf4 Rg8

[Event "9th EUROPEAN  INDIVIDUAL  WOME"]
[Site "Plovdiv, Bulgaria"]
[Date "2008.04.26"]
[Round "6"]
[Board "1"]
[White "Ushenina, Anna"]
[Black "Dzagnidze, Nana"]
[Result "1-0"]
[WhiteElo "2474"]
[BlackElo "2443"]
[PlyCount "83"]
[EventDate "2008.04.21"]
[EventRounds "11"]
[EventCountry "BUL"]

1.e4 c5 2.Nf3 e6 3.c3 d6 4.d4 Be7 5.Bd3 Nf6 6.O-O Nc6 7.dxc5 dxc5 8.Qe2 Nd7 9.a4
a6 10.Na3 g5 11.Be3 b6 12.Rfd1 Bb7 13.Bc2 h6 14.Nc4 Qc7 15.Rab1 Rd8 16.Nfd2 Nf6
17.b4 Nd7 18.bxc5 bxc5 19.f3 Kf8 20.Bf2 Ba8 21.Bg3 Qa7 22.e5 Kg7 23.Ne4 Nf8
24.f4 Ng6 25.fxg5 hxg5 26.Rf1 Rdf8 27.Qg4 Qd7 28.Rbd1 Qb7 29.Rb1 Qd7 30.Rfd1 Qc7
31.Nxg5 Bxg5 32.Qxg5 Nce7 33.Nd6 Qc6 34.Be4 Qxe4 35.Nxe4 Bxe4 36.Rb2 c4 37.Rd7
Nf5 38.Qf6+ Kg8 39.Rb8 Rh7 40.Rdd8 Rxd8 41.Qxd8+ Kg7 42.Qf6+

[Event "9th EUROPEAN  INDIVIDUAL  WOME"]
[Site "Plovdiv, Bulgaria"]
[Date "2008.04.26"]
[Round "6"]
[Board "1"]
[White "Hoang, Thanh Trang"]
[Black "Mkrtchian, Lilit"]
[Result "1/2-1/2"]
[WhiteElo "2477"]
[BlackElo "2413"]
[PlyCount "184"]
[EventDate "2008.04.21"]
[EventRounds "11"]
[EventCountry "BUL"]

1.d4 e6 2.c4 d5 3.Nf3 Nf6 4.Nc3 Bb4 5.Qa4+ Nc6 6.a3 Bxc3+ 7.bxc3 Bd7 8.cxd5 exd5
9.Qc2 Na5 10.a4 O-O 11.Bf4 c5 12.dxc5 Rc8 13.e3 Rxc5 14.Bd3 Re8 15.Be5 Nc6
16.Bd4 Nxd4 17.Nxd4 Qc7 18.Ra3 Rc8 19.Ne2 Qe5 20.Qd2 Qe8 21.O-O Bxa4 22.Bf5 R8c7
23.Rfa1 b5 24.h3 Qe5 25.Bc2 Bxc2 26.Qxc2 b4 27.Rxa7 g6 28.Rxc7 Rxc7 29.Qb3 bxc3
30.Qb8+ Kg7 31.Ra8 Qe7 32.g4 c2 33.g5 c1=Q+ 34.Nxc1 Rxc1+ 35.Kh2 Qc7+ 36.Qxc7
Rxc7 37.gxf6+ Kxf6 38.Kg3 h5 39.Ra5 Ke5 40.f3 Ke6 41.Ra6+ Ke5 42.Ra5 Kd6 43.Kf4
f6 44.h4 Rc4+ 45.Kg3 Rc6 46.Ra8 Ke6 47.Re8+ Kf7 48.Rd8 Rc5 49.Kf4 Rc4+ 50.Kg3
Ke6 51.Re8+ Kf5 52.Rd8 Rc5 53.Re8 Rc3 54.Rd8 Rd3 55.Kf2 Ke6 56.Re8+ Kf7 57.Rd8
Rd2+ 58.Kg3 g5 59.hxg5 fxg5 60.Rh8 Kg6 61.Rg8+ Kf6 62.Rf8+ Kg7 63.Rd8 Kf6
64.Rf8+ Ke6 65.Re8+ Kf7 66.Rh8 Re2 67.Rxh5 Kg6 68.Rh8 Rxe3 69.Kg4 Re1 70.Rg8+
Kf6 71.Rf8+ Ke7 72.Ra8 Rg1+ 73.Kf5 Kd6 74.Ra6+ Kc5 75.Ra5+ Kd4 76.Ra4+ Ke3
77.Ra3+ Ke2 78.f4 g4 79.Ra2+ Kf3 80.Ra3+ Kf2 81.Ra2+ Kg3 82.Kg5 Rf1 83.f5 Kh3
84.Ra4 g3 85.Rh4+ Kg2 86.f6 Kg1 87.Rf4 g2 88.f7 Kh2 89.Rh4+ Kg1 90.Rf4 Kh2
91.Rh4+ Kg3 92.Rg4+ Kh2

[Event "9th EUROPEAN  INDIVIDUAL  WOME"]
[Site "Plovdiv, Bulgaria"]
[Date "2008.04.26"]
[Round "6"]
[Board "1"]
[White "Javakhishvili, Lela"]
[Black "Nemcova, Katerina"]
[Result "1-0"]
[WhiteElo "2466"]
[BlackElo "2344"]
[PlyCount "137"]
[EventDate "2008.04.21"]
[EventRounds "11"]
[EventCountry "BUL"]

1.c4 e5 2.Nc3 Nf6 3.Nf3 Nc6 4.a3 d5 5.cxd5 Nxd5 6.Qc2 Be7 7.e3 O-O 8.Be2 Be6
9.d3 Re8 10.O-O Bf8 11.Ne4 f6 12.b4 a6 13.Rd1 Qe7 14.Bb2 Kh8 15.Rac1 Qf7 16.Nc5
Bc8 17.Qb3 Nd8 18.Nd2 Bxc5 19.bxc5 Be6 20.Qc2 Nc6 21.Rb1 Rad8 22.Ba1 Bc8 23.Bf3
Nce7 24.g3 Qg6 25.Bg2 Nc6 26.Nf3 Qf7 27.Rd2 Qe6 28.Qb3 Qg8 29.Ne1 Be6 30.Qa4 Bc8
31.Nc2 Qf8 32.Nb4 Ncxb4 33.axb4 Bd7 34.Qa5 Bb5 35.Qa2 Bc6 36.e4 Ne7 37.d4 exd4
38.Bxd4 Ng6 39.f3 Ne5 40.f4 Ng6 41.Re1 Re7 42.h4 Qf7 43.Qxf7 Rxf7 44.Bh3 Nf8
45.Bc3 Rxd2 46.Bxd2 Re7 47.e5 fxe5 48.fxe5 h6 49.Bc3 Ne6 50.Kf2 Kg8 51.Ke3 Bd5
52.Bf5 Bc6 53.g4 Bd5 54.Rg1 Bc6 55.g5 hxg5 56.hxg5 Bd5 57.g6 Bc6 58.Rd1 Kf8
59.Bc2 Rd7 60.Rf1+ Kg8 61.Bb3 Bd5 62.Bxd5 Rxd5 63.Rf7 Nd8 64.Rxc7 Kf8 65.e6 Nxe6
66.Rxb7 Ke8 67.Bxg7 Rg5 68.Bf6 Nxc5 69.Rb8+

[Event "9th EUROPEAN  INDIVIDUAL  WOME"]
[Site "Plovdiv, Bulgaria"]
[Date "2008.04.26"]
[Round "6"]
[Board "1"]
[White "Zawadzka, Jolanta"]
[Black "Peng, Zhaoqin"]
[Result "1/2-1/2"]
[WhiteElo "2397"]
[BlackElo "2455"]
[PlyCount "102"]
[EventDate "2008.04.21"]
[EventRounds "11"]
[EventCountry "BUL"]

1.e4 c5 2.Nf3 Nc6 3.d4 cxd4 4.Nxd4 Nf6 5.Nc3 e6 6.Ndb5 Bb4 7.a3 Bxc3+ 8.Nxc3 d5
9.Bd3 dxe4 10.Nxe4 Nxe4 11.Bxe4 Qxd1+ 12.Kxd1 Bd7 13.Be3 f5 14.Bd3 Ne5 15.Be2
Bc6 16.f3 Kf7 17.b3 b5 18.Kc1 Rhd8 19.Kb2 Ng6 20.Rhd1 a6 21.Rac1 f4 22.Bf2 Ne7
23.Rxd8 Rxd8 24.Rd1 Rxd1 25.Bxd1 e5 26.g3 g5 27.gxf4 gxf4 28.Kc3 Nd5+ 29.Kd3 Ke6
30.Be2 Kd6 31.Kd2 Nc7 32.Ba7 Ne8 33.Bb8+ Ke6 34.c4 Ng7 35.Ba7 Nf5 36.Bf2 Nd6
37.cxb5 axb5 38.Bd1 h6 39.Ke2 Nf7 40.Bb6 Ng5 41.Kf2 Kd6 42.Ba7 Ne6 43.Bc2 Nd4
44.Bxd4 exd4 45.Ke2 Bd5 46.Bd1 Bf7 47.Kd3 Ke5 48.Kd2 Kd6 49.Kd3 Ke5 50.Kd2 Kd6
51.Kd3 Ke5

[Event "9th EUROPEAN  INDIVIDUAL  WOME"]
[Site "Plovdiv, Bulgaria"]
[Date "2008.04.26"]
[Round "6"]
[Board "1"]
[White "Skripchenko, Almira"]
[Black "Vasilevich, Tatjana"]
[Result "1/2-1/2"]
[WhiteElo "2443"]
[BlackElo "2360"]
[PlyCount "43"]
[EventDate "2008.04.21"]
[EventRounds "11"]
[EventCountry "BUL"]

1.e4 c5 2.c3 e6 3.d4 d5 4.e5 Bd7 5.Nf3 Qb6 6.a3 Bb5 7.Bxb5+ Qxb5 8.b4 cxb4
9.cxb4 Nd7 10.Nc3 Qc6 11.Na4 Nb6 12.Nxb6 axb6 13.Bd2 b5 14.O-O Ne7 15.Rc1 Qd7
16.Rc3 Rc8 17.Rc5 Nc6 18.Rc3 Na7 19.Qb3 Rc4 20.Be3 Nc8 21.Nd2 Rxc3 22.Qxc3

[Event "9th EUROPEAN  INDIVIDUAL  WOME"]
[Site "Plovdiv, Bulgaria"]
[Date "2008.04.26"]
[Round "6"]
[Board "1"]
[White "Bojkovic, Natasa"]
[Black "Golubenko, Valentina"]
[Result "0-1"]
[WhiteElo "2434"]
[BlackElo "2253"]
[PlyCount "80"]
[EventDate "2008.04.21"]
[EventRounds "11"]
[EventCountry "BUL"]

1.e4 e5 2.Nf3 Nc6 3.Bb5 Bc5 4.O-O Nf6 5.d3 d6 6.c3 O-O 7.Be3 Bxe3 8.fxe3 Qe7
9.c4 Nb8 10.Nc3 c6 11.Ba4 Nbd7 12.Qe1 a6 13.Nh4 g6 14.b4 b5 15.cxb5 axb5 16.Bb3
Nb6 17.Qg3 Nh5 18.Qf2 Be6 19.Bxe6 fxe6 20.Nf3 Na4 21.Rac1 Nb6 22.Nb1 Rfc8 23.Rc2
Rc7 24.Rfc1 Rac8 25.Nbd2 Nf6 26.Qh4 Nbd7 27.d4 c5 28.bxc5 exd4 29.cxd6 Qxd6
30.e5 Nxe5 31.Rxc7 Rxc7 32.Rxc7 Qxc7 33.Qxf6 dxe3 34.Qxe6+ Kg7 35.Nb3 e2 36.Ne1
Qa7+ 37.Kh1 Qf2 38.Qxe5+ Kh6 39.Nf3 Qf1+ 40.Ng1 e1=Q

[Event "9th EUROPEAN  INDIVIDUAL  WOME"]
[Site "Plovdiv, Bulgaria"]
[Date "2008.04.26"]
[Round "6"]
[Board "1"]
[White "Houska, Jovanka"]
[Black "Dembo, Yelena"]
[Result "1/2-1/2"]
[WhiteElo "2390"]
[BlackElo "2429"]
[PlyCount "52"]
[EventDate "2008.04.21"]
[EventRounds "11"]
[EventCountry "BUL"]

1.d4 Nf6 2.Nf3 g6 3.c4 Bg7 4.g3 O-O 5.Bg2 d6 6.O-O Nc6 7.Nc3 a6 8.b3 Rb8 9.Nd5
Nh5 10.Bb2 e6 11.Nc3 b5 12.d5 Ne7 13.dxe6 fxe6 14.c5 Bb7 15.Qc2 Qd7 16.Rac1 Ba8
17.Rfd1 Rbd8 18.b4 Nd5 19.Nxd5 Bxd5 20.Bxg7 Qxg7 21.cxd6 cxd6 22.Nd2 Qf6 23.Bf3
Ng7 24.Qc3 Qf7 25.Qc7 Qf6 26.Qc3 Qf7

[Event "9th EUROPEAN  INDIVIDUAL  WOME"]
[Site "Plovdiv, Bulgaria"]
[Date "2008.04.26"]
[Round "6"]
[Board "1"]
[White "Muzychuk, Mariya"]
[Black "Matveeva, Svetlana"]
[Result "1/2-1/2"]
[WhiteElo "2387"]
[BlackElo "2420"]
[PlyCount "68"]
[EventDate "2008.04.21"]
[EventRounds "11"]
[EventCountry "BUL"]

1.e4 g6 2.Nc3 Bg7 3.f4 c6 4.d4 d5 5.e5 Nh6 6.Nf3 f6 7.h3 fxe5 8.fxe5 O-O 9.g4 c5
10.dxc5 e6 11.Be2 Nc6 12.Bg5 Qa5 13.Qd2 Nf7 14.Be3 Nfxe5 15.Nd4 Nxd4 16.Bxd4 Nc6
17.Bxg7 Kxg7 18.Nb5 Qxd2+ 19.Kxd2 Bd7 20.Rhf1 g5 21.c4 dxc4 22.Bxc4 Rf4 23.Kc3
Raf8 24.Rad1 Ne5 25.Be2 Re4 26.Rxf8 Kxf8 27.Bc4 Bxb5 28.Bxb5 Ke7 29.Bd3 Rf4
30.Re1 Nxd3 31.Kxd3 Rf2 32.Re2 Rf3+ 33.Re3 Rf2 34.Kc3 h6

[Event "9th EUROPEAN  INDIVIDUAL  WOME"]
[Site "Plovdiv, Bulgaria"]
[Date "2008.04.26"]
[Round "6"]
[Board "1"]
[White "Khukhashvili, Sopiko"]
[Black "Melia, Salome"]
[Result "1/2-1/2"]
[WhiteElo "2371"]
[BlackElo "2413"]
[PlyCount "41"]
[EventDate "2008.04.21"]
[EventRounds "11"]
[EventCountry "BUL"]

1.e4 c5 2.Nf3 d6 3.d4 cxd4 4.Nxd4 Nf6 5.Nc3 Nc6 6.g3 g6 7.Nde2 Bg7 8.Bg2 O-O
9.O-O Rb8 10.Nd5 b5 11.Bg5 Nd7 12.c3 Re8 13.Nd4 Nde5 14.Nxc6 Nxc6 15.Qd2 Ne5
16.b3 Bh3 17.f4 Bxg2 18.Kxg2 Ng4 19.h3 Nf6 20.Bxf6 Bxf6 21.Nxf6+

[Event "9th EUROPEAN  INDIVIDUAL  WOME"]
[Site "Plovdiv, Bulgaria"]
[Date "2008.04.26"]
[Round "6"]
[Board "1"]
[White "Batsiashvili, Nino"]
[Black "Rajlich, Iweta"]
[Result "1-0"]
[WhiteElo "2304"]
[BlackElo "2411"]
[PlyCount "105"]
[EventDate "2008.04.21"]
[EventRounds "11"]
[EventCountry "BUL"]

1.d4 Nf6 2.c4 e6 3.g3 c5 4.d5 exd5 5.cxd5 d6 6.Nc3 Be7 7.Bg2 O-O 8.Nf3 Re8 9.O-O
Bf8 10.h3 Na6 11.Nd2 Rb8 12.a4 Nb4 13.e4 b6 14.Nc4 a6 15.f4 b5 16.axb5 axb5
17.Na5 Bd7 18.e5 dxe5 19.fxe5 Rxe5 20.Bf4 Bd6 21.Bxe5 Bxe5 22.Nc6 Nxc6 23.dxc6
Bd4+ 24.Kh2 Be6 25.Ra7 Ne8 26.Qf3 Nc7 27.Qf4 Rc8 28.Rxc7 Rxc7 29.Nxb5 Rc8
30.Nxd4 cxd4 31.Rd1 d3 32.Qe4 Qb6 33.Qxd3 h5 34.Qd4 Rxc6 35.Bxc6 Qxc6 36.Rd2 Qc1
37.Qc3 Qa1 38.Rd8+ Kh7 39.Qc2+ f5 40.h4 Qf1 41.Qd2 Qb5 42.Qd3 Qa5 43.Qc3 Qb5
44.b4 Bc4 45.Qf3 Bf7 46.Qf4 Be6 47.Qd6 Qc4 48.b5 Bc8 49.Qc6 Qb4 50.Qg2 f4
51.Qc2+ Kh6 52.Qxc8 fxg3+ 53.Kh3

[Event "9th EUROPEAN  INDIVIDUAL  WOME"]
[Site "Plovdiv, Bulgaria"]
[Date "2008.04.26"]
[Round "6"]
[Board "1"]
[White "Kazimova, Narmin"]
[Black "Socko, Monika"]
[Result "0-1"]
[WhiteElo "2071"]
[BlackElo "2505"]
[PlyCount "118"]
[EventDate "2008.04.21"]
[EventRounds "11"]
[EventCountry "BUL"]

1.e4 e6 2.d4 d5 3.Nd2 c5 4.exd5 exd5 5.Ngf3 Nf6 6.Bb5+ Bd7 7.Qe2+ Be7 8.dxc5 O-O
9.O-O Re8 10.Bxd7 Nbxd7 11.Nb3 Bxc5 12.Qd3 Bb6 13.Bg5 Qc7 14.Rae1 Rac8 15.c3 a6
16.g3 Qc6 17.Nbd4 Qc4 18.Qb1 Ne4 19.Bf4 f6 20.Kg2 Ndc5 21.Rd1 Rcd8 22.Rfe1 Qa4
23.b3 Qd7 24.Qb2 Qf7 25.h3 Rc8 26.Bc1 Nd7 27.Rd3 Ne5 28.Rde3 Qh5 29.g4 Qf7
30.Nxe5 fxe5 31.Rf3 Qc7 32.Nf5 Nxc3 33.Bg5 e4 34.Rg3 d4 35.Qd2 Qd7 36.Bf4 Re6
37.f3 Rce8 38.Kh1 exf3 39.Rxe6 Qxe6 40.Rxf3 Nd5 41.Bg3 Ne3 42.Kh2 Qe4 43.Rf2
Nxf5 44.gxf5 d3 45.Rg2 Qxf5 46.Qc3 Be3 47.Bd6 Bh6 48.Qc4+ Qe6 49.Qxe6+ Rxe6
50.Bb4 Bf4+ 51.Kg1 Rc6 52.Bd2 Bxd2 53.Rxd2 Rc1+ 54.Kf2 Rc2 55.Ke3 Rxd2 56.Kxd2
g5 57.Kxd3 Kf7 58.Ke4 Ke6 59.a3 h5

[Event "9th EUROPEAN  INDIVIDUAL  WOME"]
[Site "Plovdiv, Bulgaria"]
[Date "2008.04.26"]
[Round "6"]
[Board "1"]
[White "Majdan, Joanna"]
[Black "Ovod, Evgenija"]
[Result "1/2-1/2"]
[WhiteElo "2338"]
[BlackElo "2437"]
[PlyCount "105"]
[EventDate "2008.04.21"]
[EventRounds "11"]
[EventCountry "BUL"]

1.e4 c5 2.c3 d5 3.exd5 Qxd5 4.d4 e6 5.Nf3 Nf6 6.Na3 Qd8 7.Bf4 Nd5 8.Bxb8 Rxb8
9.Bb5+ Bd7 10.Bxd7+ Kxd7 11.Qa4+ Kc8 12.O-O-O Nb6 13.Qb5 a6 14.Qa5 Qc7 15.Rhe1
Nd7 16.Qa4 Qf4+ 17.Kb1 Bd6 18.Nc4 Bc7 19.Ka1 Qf6 20.Nfe5 Nxe5 21.dxe5 Qe7
22.Nd6+ Bxd6 23.exd6 Qd7 24.Qa5 b6 25.Qxa6+ Qb7 26.Qc4 Rd8 27.Qf4 Ra8 28.Rd2 Ra7
29.f3 Qc6 30.Red1 Rad7 31.Qe5 g6 32.c4 Kb7 33.b3 b5 34.cxb5 Qxb5 35.b4 f6
36.Qxc5 Qxc5 37.bxc5 Kc6 38.Rc1 Rb8 39.Rb2 Rxb2 40.Kxb2 Rb7+ 41.Ka1 e5 42.a3 f5
43.Re1 Kxc5 44.Rxe5+ Kxd6 45.Re3 Kc5 46.Ka2 Kd4 47.Rb3 Ra7 48.Rb8 Ke3 49.Rb2 Kd3
50.Rb3+ Kc2 51.Rb2+ Kc3 52.Rb3+ Kc2 53.Rb2+